000
00280nam a2200121Ia 4500
008
190216s9999||||xx |||||||||||||| ||und||
100
_a
Trilochan Pradhan
245
0
_a
Quantum Mechanics
260
_b
Universities Press
_c
2009
300
_a
240
650
_a
Physics
942
_c
BK
999
_c
34275
_d
34275